<?xml version="1.0" encoding="UTF-8"?>
<record
    xmlns:xsi="http://www.w3.org/2001/XMLSchema-instance"
    xsi:schemaLocation="http://www.loc.gov/MARC21/slim http://www.loc.gov/standards/marcxml/schema/MARC21slim.xsd"
    xmlns="http://www.loc.gov/MARC21/slim">

  <leader>01427nam0a22002771  4500</leader>
  <controlfield tag="001">RU\NLR\INFOCOMM_161\5000058744</controlfield>
  <controlfield tag="005">20260406110507.0</controlfield>
  <datafield tag="035" ind1=" " ind2=" ">
    <subfield code="a">(NLR Aleph) 009158276</subfield>
  </datafield>
  <datafield tag="090" ind1=" " ind2=" ">
    <subfield code="a">8437815</subfield>
    <subfield code="c">8437815</subfield>
  </datafield>
  <datafield tag="100" ind1=" " ind2=" ">
    <subfield code="a">20100129d1982    |||y0rusy50      ca</subfield>
  </datafield>
  <datafield tag="101" ind1="1" ind2=" ">
    <subfield code="a">fre</subfield>
    <subfield code="c">rus</subfield>
  </datafield>
  <datafield tag="102" ind1=" " ind2=" ">
    <subfield code="a">RU</subfield>
  </datafield>
  <datafield tag="105" ind1=" " ind2=" ">
    <subfield code="a">y   ||||000|y</subfield>
  </datafield>
  <datafield tag="200" ind1="1" ind2=" ">
    <subfield code="a">Axer l'attention des syndicats sur les besoins des travailleurs et les imp&#xE9;ratifs de la production</subfield>
    <subfield code="e">Intervention du Secr&#xE9;taire G&#xE9;n&#xE9;ral du Com. Centr. du Parti Commun. de l'Union Sovi&#xE9;tique, pr&#xE9;sident du Pr&#xE9;sidium du Soviet Supr&#xEA;me de l'U. R. S. S. au XVII-e Congr. des syndicats de l'U. R. S. S. le 16 mars 1982</subfield>
  </datafield>
  <datafield tag="210" ind1=" " ind2=" ">
    <subfield code="a">&#x39C;.</subfield>
    <subfield code="c">&#xC9;d. de l'Agence de presse "Novosti"</subfield>
    <subfield code="d">1982</subfield>
  </datafield>
  <datafield tag="215" ind1=" " ind2=" ">
    <subfield code="a">29 &#x441;.</subfield>
    <subfield code="d">17 &#x441;&#x43C;</subfield>
  </datafield>
  <datafield tag="300" ind1=" " ind2=" ">
    <subfield code="a">&#x412; &#x432;&#x44B;&#x43F;. &#x434;&#x430;&#x43D;.: &#x417;&#x430;&#x431;&#x43E;&#x442;&#x443; &#x43E; &#x43B;&#x44E;&#x434;&#x44F;&#x445; &#x442;&#x440;&#x443;&#x434;&#x430;, &#x437;&#x430;&#x431;&#x43E;&#x442;&#x443; &#x43E; &#x43F;&#x440;&#x43E;&#x438;&#x437;&#x432;&#x43E;&#x434;&#x441;&#x442;&#x432;&#x435; - &#x432; &#x446;&#x435;&#x43D;&#x442;&#x440;&#x435; &#x432;&#x43D;&#x438;&#x43C;&#x430;&#x43D;&#x438;&#x44F; &#x43F;&#x440;&#x43E;&#x444;&#x435;&#x441;&#x441;&#x438;&#x43E;&#x43D;&#x430;&#x43B;&#x44C;&#x43D;&#x44B;&#x445; &#x441;&#x43E;&#x44E;&#x437;&#x43E;&#x432;: &#x420;&#x435;&#x447;&#x44C; &#x43D;&#x430; XVII &#x441;&#x44A;&#x435;&#x437;&#x434;&#x435; &#x43F;&#x440;&#x43E;&#x444;&#x441;&#x43E;&#x44E;&#x437;&#x43E;&#x432; &#x421;&#x421;&#x421;&#x420; 16 &#x43C;&#x430;&#x440;&#x442;&#x430; 1982 &#x433;&#x43E;&#x434;&#x430; / &#x41B;&#x435;&#x43E;&#x43D;&#x438;&#x434; &#x418;&#x43B;&#x44C;&#x438;&#x447; &#x411;&#x440;&#x435;&#x436;&#x43D;&#x435;&#x432;</subfield>
  </datafield>
  <datafield tag="686" ind1=" " ind2=" ">
    <subfield code="a">&#x424;72(2)273, 4</subfield>
    <subfield code="2">rubbk</subfield>
  </datafield>
  <datafield tag="686" ind1=" " ind2=" ">
    <subfield code="a">&#x424;72(2)273-11"1982"</subfield>
    <subfield code="2">rubbk</subfield>
  </datafield>
  <datafield tag="686" ind1=" " ind2=" ">
    <subfield code="a">&#x424;61(2)273-416.32, 012</subfield>
    <subfield code="2">rubbk</subfield>
  </datafield>
  <datafield tag="700" ind1=" " ind2="1">
    <subfield code="4">070</subfield>
    <subfield code="8">rus</subfield>
    <subfield code="7">ca</subfield>
    <subfield code="a">Bre&#x17E;nev</subfield>
    <subfield code="b">L. I.</subfield>
    <subfield code="f">1906-1982</subfield>
    <subfield code="g">Leonid Il'i&#x10D;</subfield>
    <subfield code="3">RU\NLR\AUTH\77109814</subfield>
    <subfield code="9">92739</subfield>
  </datafield>
  <datafield tag="801" ind1=" " ind2="1">
    <subfield code="a">RU</subfield>
    <subfield code="b">NLR</subfield>
    <subfield code="c">20100129</subfield>
  </datafield>
  <datafield tag="801" ind1=" " ind2="0">
    <subfield code="a">RU</subfield>
    <subfield code="b">NLR</subfield>
    <subfield code="g">PSBO</subfield>
  </datafield>
  <datafield tag="852" ind1=" " ind2=" ">
    <subfield code="a">NLR</subfield>
    <subfield code="j">&#x418;&#x440;71 &#x414;-2/61</subfield>
  </datafield>
  <datafield tag="942" ind1=" " ind2=" ">
    <subfield code="c">BOOK</subfield>
  </datafield>
  <datafield tag="980" ind1=" " ind2=" ">
    <subfield code="a">NB</subfield>
  </datafield>
  <datafield tag="995" ind1=" " ind2=" ">
    <subfield code="5">2013-10-26</subfield>
    <subfield code="b">NLR01</subfield>
    <subfield code="c">NLR01</subfield>
    <subfield code="e">IF</subfield>
    <subfield code="f">9158276-10</subfield>
    <subfield code="k">&#x418;&#x440;71 &#x414;-2/61</subfield>
    <subfield code="o">0</subfield>
    <subfield code="r">BOOK</subfield>
    <subfield code="s">71_261</subfield>
  </datafield>
</record>
